Assembly level programming for small computers /

Bibliographic Details
Main Author: Weller, W. J. (Walter J.)
Format: Book
Language:English
Published: Lexington, Mass. : Lexington Books, [1975]
Subjects:

MARC

Tag First Indicator Second Indicator Subfields
LEADER 00000pam a2200000 a 4500
001 in00000099087
005 20150924155843.0
008 750513s1975 mau 00110 engm
010 |a  75013436  
020 |a 0669000493 
035 |a (OCoLC)01418750 
035 |9 AAK9954AM 
040 |a DLC  |c DLC  |d TXA  |d UtOrBLW 
049 |a TXAM  |c [1633559] 
050 0 0 |a QA76.73.A8  |b W44 
082 0 |a 001.6/424 
090 |a QA76.73 A8  |b  W44 1979 
100 1 |a Weller, W. J.  |q (Walter J.) 
245 1 0 |a Assembly level programming for small computers /  |c Walter J. Weller. 
264 1 |a Lexington, Mass. :  |b Lexington Books,  |c [1975] 
264 3 |c 1979 printing 
264 4 |c ©1975 
300 |a xviii, 276 pages ;  |c 24 cm. 
336 |a text  |b txt  |2 rdacontent 
337 |a unmediated  |b n  |2 rdamedia 
338 |a volume  |b nc  |2 rdacarrier 
500 |a Includes index. 
650 0 |a Assembly languages (Electronic computers) 
999 |a MARS 
999 f f |s eb9e6a92-1440-3a01-b26b-20627bc75fa4  |i 370ea359-2fc9-3a9d-aae6-dbb0ea4a0aed  |t 0 
952 f f |p normal  |a Texas A&M University  |b College Station  |c Sterling C. Evans Library  |d Evans: Library Stacks  |t 0  |e QA76.73 A8 W44 1979  |h Library of Congress classification  |i unmediated -- volume  |m A14806034795 
998 f f |a QA76.73 A8 W44 1979  |t 0  |l Evans: Library Stacks